Anne of windy willows
Gorde:
| Egile nagusia: | |
|---|---|
| Formatua: | Liburua |
| Hizkuntza: | Undetermined |
| Argitaratua: |
London
Puffin
1994
|
| Gaiak: | |
| Etiketak: |
Etiketa erantsi
Etiketarik gabe, Izan zaitez lehena erregistro honi etiketa jartzen!
|
| Thư viện lưu trữ: | Trung tâm Học liệu Trường Đại học Cần Thơ |
|---|
| LEADER | 00508nam a2200205Ia 4500 | ||
|---|---|---|---|
| 001 | CTU_94861 | ||
| 008 | 210402s9999 xx 000 0 und d | ||
| 020 | |c 120000 | ||
| 082 | |a 823.9 | ||
| 082 | |b M787 | ||
| 100 | |a Montgomery, L. M. | ||
| 245 | 0 | |a Anne of windy willows | |
| 245 | 0 | |c L. M. Montgomery | |
| 260 | |a London | ||
| 260 | |b Puffin | ||
| 260 | |c 1994 | ||
| 650 | |a English literature | ||
| 650 | |y 20th century | ||
| 904 | |i Giang | ||
| 980 | |a Trung tâm Học liệu Trường Đại học Cần Thơ | ||